Statistics for 10 Southernmost Major Cities in Europe

Click here to take the quiz!

General Stats

  • This quiz has been taken 1,608 times
  • The average score is 8 of 10

Answer Stats

LatitudeCity% Correct
37°59'NAthens
97%
41°53'NRome
96%
40°25'NMadrid
90%
40°51'NNaples
86%
41°23'NBarcelona
84%
41°1'NIstanbul
72%
37°24'NSeville
68%
39°28'NValencia
64%
42°41'NSofia
62%
36°43'NMálaga
50%

Score Distribution

Percentile by Number Answered

Percent of People with Each Score

Your Score History

You have not taken this quiz